000 00418nam a22001577a 4500
020 _a8173174903
082 _a670.423
_bSET/MA
100 _aSethi G.S
_91349
100 _aSingh, Balbir
_91350
245 _aMachinist (I st and 2nd Year): Trade Theory with Assignment/ Test-Solved
250 _a1
260 _aNew Delhi
_bAsian Publishers
_c2005-06
300 _a200
490 _aNew Pattern Series
942 _cBBS
999 _c14748
_d14748